000 00467nam a2200181Ia 4500
008 151018s9999 xx 000 0 und d
082 _bRBASDV15209
_a891.433
100 _aचंन्दर
245 _aफरार
250 _b1
260 _bहिंद पॉकेट बुक्स
_c1968
300 _a176
600 _aचंन्दर
630 _aफरार
700 _aचंन्दर
730 _aफरार
942 _cBOOK
999 _c1015936
_d1015933